000 01382cam a2200361 a 4500
001 30883
003 BD-RjUL
005 20211209051629.0
008 140412r19531917enk b 001 0 lat d
035 _aoxf98310554
_a(BD-RjUL)30970
035 _a(OCoLC)1430841
040 _aKSU
_dOCL
_dm.c
_dEQO
_dBD-RjUL
_beng
_cUkOxU
041 1 _alat
_aeng
_hlat
082 0 4 _a188
_bSEA 1953
090 _aPA6156.S4
_bE6 1917
099 _a*ML A.8AE.SEN2 - 5LUC-L - B7
100 1 _aSeneca, Lucius Annaeus,
_dapproximately 4 B.C.-65 A.D.
_970007
245 1 0 _aAd Lucilium epistulae morales /
_cSeneca ; with an English translation by Richard M. Gummere.
_nVolume. I
246 3 0 _aEpistulae morales
260 _aLondon :
_bHeinemann ;
_aCambridge, Mass. :
_bHarvard University Press,
_c1917 [Reprinted 1953].
300 _a3 v. ;
_c17 cm.
490 1 _aLoeb classical library ;
_v75-77
490 1 _aSeneca in ten volumes ;
_v4-6
500 _aImprint varies.
500 _aLater printings may include updated bibliographical data.
504 _aBibliography: v. 1, p. xiv-xv.
600 1 _a Seneca, Lucius Annaeus, -- ca. 4 B.C.-65 A.D. -- Epistulae ad Lucilium.
_993835
830 0 _v75-77.
_993836
700 1 _aGummere, Richard M.
_q(Richard Mott),
_d1883-
_993830
830 0 _aLoeb classical library ;
_993837
942 _2ddc
_cBK
999 _c30883
_d30883